[Event "CZE-chT 9798"]
[Site "CZE"]
[Date "1998.03.07"]
[Round "8"]
[White "Jansa, Vlastimil"]
[Black "Koutsin, Sergey"]
[Result "1/2-1/2"]
[WhiteElo "2480"]
[BlackElo "2400"]

1.Nf3 d5 2.g3 Nf6 3.Bg2 g6 4.c4 c6 5.b3 Bg7 6.Bb2 O-O 7.O-O Re8 8.d3 Bg4
9.Nbd2 Nbd7 10.Ne5 Nxe5 11.Bxe5 Qd7 12.Nf3 Qf5 13.d4 Bh6 14.Nh4 Qe6 15.f3 Bh3
16.Bxh3 Qxh3 17.Bxf6 exf6 18.cxd5 cxd5 19.f4 Re4 20.Ng2 Rc8 21.e3 Qd7 22.Qd2 Re6
23.Rac1 Bf8 24.Ne1 Rec6 25.Nd3 Ba3 26.Rxc6 Qxc6 27.Ne1 Qc1 28.Qxc1 Rxc1 29.Kf2 Rc3
30.Ke2 Bc1 31.Ng2  1/2-1/2

[Event "AUT-chT2O 9798"]
[Site "Austria"]
[Date "1998.03.11"]
[Round "11"]
[White "Baumgartner, Heinz"]
[Black "Ganaus, Hannes"]
[Result "1-0"]
[WhiteElo "2295"]
[BlackElo "2260"]

1.Nf3 d5 2.g3 Bg4 3.Bg2 c6 4.b3 e6 5.Bb2 Nd7 6.d3 Ngf6 7.Nbd2 Bxf3 8.Bxf3 Bd6
9.e4 Qa5 10.exd5 cxd5 11.a3 h5 12.O-O h4 13.c4 hxg3 14.hxg3 Qc7 15.Kg2 Be5
16.d4 Bd6 17.Rc1 Qd8 18.Rh1 Rg8 19.Nf1 Be7 20.Ne3 Nb6 21.Qe2 Qd7 22.c5 Nc8
23.b4 a6 24.Qc2 Na7 25.Qb3 g5 26.a4 Kf8 27.Be2 Kg7 28.b5 axb5 29.axb5 Rh8
30.Qa4 Rxh1 31.Rxh1 Bd8 32.Ra1 b6 33.c6 Qc7 34.Qa6 Ne8 35.Qb7  1-0

[Event "AUT-chT2O 9798"]
[Site "Austria"]
[Date "1998.03.11"]
[Round "11"]
[White "Eibersberger, Manfred"]
[Black "Mann, Gerald"]
[Result "1/2-1/2"]
[WhiteElo "2240"]
[BlackElo "2225"]

1.Nf3 d5 2.g3 c6 3.Bg2 Bf5 4.O-O e6 5.b3 h6 6.Bb2 Nf6 7.d3 Be7 8.Nbd2 O-O
9.c4 a5 10.a3 Nbd7 11.Qc2 Bh7 12.Rfc1 Qb6 13.cxd5 exd5 14.Bd4 c5 15.Bb2 Rfe8
16.e4 Qa6 17.exd5 Bxd3 18.Qc3 Bf8 19.Ne1 Be2 20.Nc2 Ne5 21.Ne3 Nd3 22.Rc2 b5
23.Ne4 Nxe4 24.Bxe4 Rxe4 25.Rxe2 Ne5 26.Qc2 Nf3+ 27.Kg2 Nd4 28.Qxe4 Nxe2
29.Re1 b4 30.axb4 axb4 31.Nc4 Nc3 32.Bxc3 bxc3 33.Rc1 Qf6 34.Qf3  1/2-1/2

[Event "AUT-chT2O 9798"]
[Site "Austria"]
[Date "1998.03.12"]
[Round "12"]
[White "Kaiser, Wolfgang"]
[Black "Thallinger, Harald"]
[Result "1-0"]
[WhiteElo "2425"]
[BlackElo "2350"]

1.Nf3 d5 2.g3 c6 3.Bg2 Bf5 4.d3 Nf6 5.Nbd2 e6 6.b3 Be7 7.Bb2 O-O 8.O-O Nbd7
9.Qe1 h6 10.e4 Bg6 11.Qe2 dxe4 12.dxe4 Qc7 13.h3 Bc5 14.e5 Nh5 15.Kh2 Bxc2
16.Ne1 Bg6 17.Bf3 Bb4 18.Rd1 Qa5 19.Nc4 Qxa2 20.Rxd7 b5 21.Nd6 Qxb3 22.Bd4 Rfd8
23.Rxd8+ Rxd8 24.Bxh5 Bxh5 25.Qxh5 Bxd6 26.exd6 Qc4 27.Qg4 g5 28.Nf3  1-0

[Event "POL-ch"]
[Site "Ksiaz"]
[Date "1998.03.13"]
[Round "2"]
[White "Markowski, Tomasz"]
[Black "Gdanski, Jacek"]
[Result "0-1"]
[WhiteElo "2505"]
[BlackElo "2520"]

1.g3 d5 2.Nf3 g6 3.c4 d4 4.Bg2 Bg7 5.O-O e5 6.e3 Ne7 7.exd4 exd4 8.d3 O-O
9.b4 a5 10.b5 c5 11.Nbd2 b6 12.Ne4 Bb7 13.Re1 Ra7 14.Bf4 Nd7 15.Qe2 Ba8 16.h4 h6
17.Rad1 Kh8 18.Nd6 Ng8 19.Ne8 Ndf6 20.Nxg7 Kxg7 21.Ne5 Re7 22.Qd2 Bxg2 23.Kxg2 Qa8+
24.Nc6 Rfe8 25.Kg1 Re6 26.Be5 Kh7 27.Re2 Nd7 28.Rde1 Nxe5 29.Rxe5 Rxe5 30.Rxe5 Rxe5
31.Nxe5 Qe8 32.Qf4 Kg7 33.Ng4 h5 34.Qe5+ Qxe5 35.Nxe5 Nf6 36.Kg2 Kf8 37.Kf3 Ke7
38.Kf4 Ke6 39.f3 Nh7 40.a4 Nf8 41.g4 g5+ 42.Kxg5 Kxe5 43.f4+ Ke6 44.Kxh5 Kf6
45.f5 Nd7 46.Kh6 Ne5 47.g5+ Kxf5  0-1

[Event "JUG-ch53"]
[Site "Belgrade "]
[Date "1998.03.17"]
[Round "4"]
[White "Damljanovic, Branko"]
[Black "Pavlovic, Milos2"]
[Result "1/2-1/2"]
[WhiteElo "2540"]
[BlackElo "2190"]

1.Nf3 d5 2.g3 c6 3.Bg2 Bg4 4.O-O Nd7 5.d4 e6 6.Nbd2 Ngf6 7.Re1 Be7 8.e4 O-O
9.c3 Rc8 10.Qb3 Qb6 11.exd5 cxd5 12.Qxb6 Nxb6 13.Ne5 Bf5 14.a4 Rfd8 15.Nf1 h6
16.a5 Nbd7 17.Be3 Ne4 18.g4 Bh7 19.Nxd7 Rxd7 20.Bf4 Rc6 21.Nd2 Nxd2 22.Bxd2  1/2-1/2

[Event "New York op"]
[Site "New York"]
[Date "1998.03.18"]
[Round "5"]
[White "Minasian, Artashes"]
[Black "Ziatdinov, Raset"]
[Result "1-0"]
[WhiteElo "2570"]
[BlackElo "2515"]

1.Nf3 d5 2.g3 Nf6 3.Bg2 e6 4.O-O Be7 5.d3 O-O 6.Nbd2 Nbd7 7.e4 dxe4 8.dxe4 Nc5
9.e5 Nd5 10.b3 a5 11.a3 f5 12.Bb2 Bd7 13.Nd4 Qe8 14.Qe2 Rd8 15.c4 Nb6 16.Bc3 Ra8
17.f4 Qc8 18.g4 c6 19.Kh1 Be8 20.Bh3 Bg6 21.Rf3 Qd7 22.Rg3 Nc8 23.Rag1 Bh4
24.R3g2 Ne7 25.g5 Qe8 26.N4f3 Bh5 27.Qe3 Bxf3 28.Nxf3 Ng6 29.Qxc5 Nxf4 30.Nxh4 Nxh3
31.Rf1 Qh5 32.Nf3 Nf4 33.Rd2 Rad8 34.Qe3 Qh3 35.Rff2 Nh5 36.Kg1 f4 37.Qe4 Ng3
38.hxg3 fxg3 39.Rg2 Rxd2 40.Bxd2  1-0

[Event "JUG-ch53"]
[Site "Belgrade "]
[Date "1998.03.19"]
[Round "6"]
[White "Drasko, Milan"]
[Black "Ivanisevic, Ivan"]
[Result "1-0"]
[WhiteElo "2515"]
[BlackElo "2460"]

1.Nf3 d5 2.g3 Nc6 3.d4 Bf5 4.Bg2 Nb4 5.Na3 e6 6.O-O Nf6 7.c3 Nc6 8.Qb3 Rb8
9.Bg5 Be7 10.Bxf6 Bxf6 11.Nd2 O-O 12.e4 dxe4 13.Nxe4 e5 14.d5 Bxe4 15.Bxe4 Ne7
16.c4 b6 17.Rfd1 Qd7 18.Qd3 Bg5 19.Bxh7+ Kh8 20.Be4 f5 21.Bg2 Rf6 22.Qe2 e4
23.Nb5 Ng6 24.Nd4 Bh6 25.Bh3 Qf7 26.Qh5 Rf8 27.Bxf5 Rxf5 28.Qxf5 Qxf5 29.Nxf5 Rxf5
30.Rd4 Ne5 31.Rxe4 g5 32.Rd1 Bf8 33.Kg2 g4 34.Rde1 Bd6 35.R1e2 Rh5 36.b4 Nd3
37.Rxg4 Bxb4 38.Re8+ Kh7 39.h4 Rf5 40.f4 Nb2 41.Rg5 Rf7 42.Rh5+ Kg7 43.Rg5+ Kh7
44.Re4 Nd1 45.f5 Bc5 46.g4 a5 47.Re6 Ne3+ 48.Kf3 Nxc4 49.Reg6 Kh8 50.Rh6+ Rh7
51.Rgh5 Rxh6 52.Rxh6+ Kg7 53.g5 Bf8 54.Re6 b5 55.h5 a4 56.f6+ Kg8 57.g6 b4
58.Re8 Nd6 59.h6  1-0

[Event "POL-ch"]
[Site "Ksiaz"]
[Date "1998.03.21"]
[Round "9"]
[White "Urban, Klaudiusz"]
[Black "Sapis, Witalis"]
[Result "1/2-1/2"]
[WhiteElo "2480"]
[BlackElo "2375"]

1.g3 d5 2.Nf3 c6 3.Bg2 Nf6 4.O-O Bg4 5.c4 e6 6.d3 Nbd7 7.cxd5 cxd5 8.Nc3 Be7
9.Nh4 Bh5 10.h3 O-O 11.g4 Ne8 12.Nf5 exf5 13.gxh5 Nb6 14.e3 Nf6 15.Nb5 g6
16.hxg6 hxg6 17.Bd2 Nbd7 18.Rc1 Nc5 19.Bc3 Qb6 20.a4 a6 21.Nd4 Rac8 22.b4 Ne6
23.Qb3 Qd6 24.f4 Nxd4 25.Bxd4 Qe6 26.b5 Rxc1 27.Rxc1 Rc8 28.Rxc8+ Qxc8 29.Qb2 Qe6
30.Qb3 Qc8 31.Qb2 Qe6 32.Qc3 axb5 33.axb5 Ne8 34.Qb3 Nf6 35.Qc3 Ne8 36.Qb3 Nf6
37.Qa2 Qd7 38.Qa8+ Kg7 39.Qa4 Kg8 40.Qa8+ Kg7 41.Qa4 Kh7 42.Qb3 Kg8 43.Bf3 Kf8
44.Kf2 Kg8 45.Kg2 Kf8 46.Kg1 Kg8 47.Kf2 Kf8 48.Qc3 Kg7 49.b6 Bd8 50.Qc5 Kg8
51.Ke2 Qe6 52.Kf2 Qd7 53.Kf1 Qe6 54.Kg2 Qd7 55.Kg1 Qe6 56.Kh1 Qd7 57.Kh2 Qe6
58.Kg1 Qd7 59.Kg2 Qe6 60.Kf1 Qd7 61.Bd1 Be7 62.Qc7 Bd8 63.Qc5 Be7 64.Qc3 Ne8
65.Bf3 Qe6 66.Qa5 Qc8 67.Bxd5 Qc2 68.Qa8 Kf8 69.Qxb7 g5 70.Bc4 Qd1+ 71.Kg2 g4
72.hxg4 Qxg4+ 73.Kf1 Qd1+ 74.Kg2 Qg4+ 75.Kf1  1/2-1/2

[Event "BCF-chT 97/98 (4NCL)"]
[Site "GBR"]
[Date "1998.03.22"]
[Round "8"]
[White "Miles, Anthony J"]
[Black "Lawton, Geoffrey W"]
[Result "1-0"]
[WhiteElo "2595"]
[BlackElo "2395"]

1.g3 d5 2.Nf3 c6 3.Bg2 Bg4 4.c4 dxc4 5.Ne5 Be6 6.Qc2 Nd7 7.Nxc4 Bd5 8.e4 Bxc4
9.Qxc4 e5 10.b3 Ngf6 11.Bb2 c5 12.O-O Bd6 13.Na3 O-O 14.Qe2 Re8 15.Nc4 Bc7
16.d3 Qe7 17.f4 Rad8 18.Kh1 Qe6 19.a4 b6 20.Bc1 Nf8 21.Bb2 N6d7 22.Rf3 Qe7
23.Bh3 Ne6 24.Bxe6 Qxe6 25.f5 Qc6 26.g4 a6 27.g5 b5 28.Ne3 Nb6 29.Rh3 c4
30.Qh5 h6 31.gxh6 g6 32.Rg1 Kh7 33.Qf3 Re7 34.dxc4 bxc4 35.a5 Rd3 36.fxg6+ fxg6
37.Rhg3 Nd7 38.Ba3 Rxe3 39.Qxe3 Rf7 40.Rxg6 Qxg6 41.Rxg6 Kxg6 42.b4 Nf6 43.Bc1  1-0

[Event "Amber-blind 7th"]
[Site "Monte Carlo"]
[Date "1998.03.22"]
[Round "9"]
[White "Karpov, Anatoly"]
[Black "Sadler, Matthew"]
[Result "0-1"]
[WhiteElo "2735"]
[BlackElo "2650"]

1.Nf3 d5 2.g3 Nc6 3.d4 Bf5 4.Nh4 Be4 5.f3 Bg6 6.Nxg6 hxg6 7.Bg2 Qd6 8.f4 O-O-O
9.c3 g5 10.Qd3 Kb8 11.fxg5 e5 12.O-O e4 13.Rxf7 exd3  0-1

[Event "JUG-ch53"]
[Site "Belgrade "]
[Date "1998.03.25"]
[Round "11"]
[White "Tosic, Miroslav"]
[Black "Drasko, Milan"]
[Result "0-1"]
[WhiteElo "2505"]
[BlackElo "2515"]

1.Nf3 d5 2.g3 c6 3.Bg2 Bg4 4.O-O Nd7 5.d4 e6 6.Nbd2 Ngf6 7.Re1 Be7 8.e4 O-O
9.c4 dxe4 10.Nxe4 Nxe4 11.Rxe4 Nf6 12.Re2 Qa5 13.h3 Bxf3 14.Bxf3 Rfd8 15.Qb3 Rd7
16.Bd2 Qb6 17.Bc3 Qxb3 18.axb3 a6 19.Rd2 Rc8 20.Kf1 h6 21.Ke2 Re8 22.Kd1 Bd6
23.Kc2 Kf8 24.Re1 Red8 25.Bg2 Ng8 26.Red1 Ne7 27.b4 Bc7 28.Be4 Bb6 29.b3 f6
30.Rd3 Kf7 31.Bb2 f5 32.Bf3 g6 33.R1d2 Ba7 34.Bg2 Bb6 35.g4 e5 36.gxf5 Bxd4
37.fxg6+ Nxg6 38.Bc1 Nf4 39.Rf3 Rg8 40.Bf1 Rg1 41.Rd1 Ke8 42.Bxf4 exf4 43.Rfd3 a5
44.h4 Rd6 45.bxa5 c5 46.b4 Ke7 47.Kb3 Re6 48.b5 Bxf2 49.Rd7+ Kf6 50.Rxb7 Re3+
51.Ka4 Rgg3 52.b6 Rb3 53.Bd3 Rb4+ 54.Ka3 Bd4 55.Rd7 Bb2+ 56.Ka2 Rg2 57.Bc2 Rxc2
58.R1d2 Rxd2 59.Rxd2 Bd4 60.Ka3 f3 61.Rxd4 cxd4 62.Kxb4 f2 63.a6 f1=Q 64.a7 Qf3
65.Kb5 Ke7  0-1

[Event "Hampstead IM"]
[Site "Hampstead"]
[Date "1998.03.25"]
[Round "1"]
[White "Habibi, Ali"]
[Black "Vigus, James"]
[Result "1-0"]
[WhiteElo "2335"]
[BlackElo "2260"]

1.Nf3 d5 2.g3 Nc6 3.d3 e5 4.Bg2 Nf6 5.O-O Be7 6.c4 dxc4 7.Qa4 O-O 8.dxc4 Bf5
9.Nc3 Nd7 10.Rd1 Qe8 11.Nd5 Bd6 12.Qb3 Nc5 13.Qe3 Ne4 14.Qb3 a5 15.Nh4 Nc5
16.Qe3 Bc2 17.Rd2 Nd4 18.b3 c6 19.Nc3 f5 20.f4 Nce6 21.Qf2 Bc5 22.e3 Bxb3
23.exd4 exd4 24.Nd1 Bxc4 25.Rb2 Qe7 26.Nf3 a4 27.Ne5 Bb5 28.Qf3 d3+ 29.Be3 Bd4
30.Bxd4 Nxd4 31.Qf2 Nc2 32.Rab1 Rad8 33.Rxb5 cxb5 34.Rxb5 Qa3 35.Rxb7 Qc1
36.Bf3 Rd4 37.Rc7 Qa1 38.Qd2 a3 39.Qa5 Re4 40.Qd5+ Kh8  1-0

[Event "Amber-rapid 7th"]
[Site "Monte Carlo"]
[Date "1998.03.25"]
[Round "10"]
[White "Ljubojevic, Ljubomir"]
[Black "Nikolic, Predrag"]
[Result "1-0"]
[WhiteElo "2565"]
[BlackElo "2635"]

1.Nf3 d5 2.g3 g6 3.Bg2 Bg7 4.d4 Nf6 5.c4 dxc4 6.Qa4+ Nbd7 7.Nc3 O-O 8.Qxc4 Nb6
9.Qd3 Be6 10.O-O Qc8 11.Ng5 Bc4 12.Qc2 h6 13.Nge4 Nxe4 14.Qxe4 c6 15.b3 Be6
16.Ba3 Re8 17.Rac1 Bf5 18.Qe3 Bh3 19.Rfd1 Bxg2 20.Kxg2 Qd7 21.Qf3 Rad8 22.e3 Nd5
23.Na4 Qc7 24.e4 Nb6 25.Nc3 Nd7 26.Nd5 Qa5 27.Bb4 Qxa2 28.Nxe7+ Kh7 29.Qxf7 Nf8
30.Qg8+  1-0

[Event "Hampstead IM"]
[Site "Hampstead"]
[Date "1998.03.27"]
[Round "4"]
[White "Habibi, Ali"]
[Black "Aagaard, Jacob"]
[Result "1/2-1/2"]
[WhiteElo "2335"]
[BlackElo "2395"]

1.Nf3 d5 2.g3 Nc6 3.d3 e5 4.Bg2 Be7 5.O-O Bg4 6.c4 Nf6 7.cxd5 Qxd5 8.Nc3 Qd7
9.Qa4 O-O 10.Bg5 Rfe8  1/2-1/2

[Event "Jagodina"]
[Site "Jagodina"]
[Date "1998.03.27"]
[Round "5"]
[White "Arsovic, Zoran"]
[Black "Dimitrov, Vladimir"]
[Result "1/2-1/2"]
[WhiteElo "2430"]
[BlackElo "2450"]

1.Nf3 d5 2.g3 Nf6 3.Bg2 Bf5 4.O-O e6 5.d4 c6 6.Nbd2 h6 7.b3 Nbd7 8.Bb2 Be7
9.c4 O-O 10.e3 a5  1/2-1/2

[Event "Hampstead IM"]
[Site "Hampstead"]
[Date "1998.03.30"]
[Round "8"]
[White "Habibi, Ali"]
[Black "Dearing, Eddie"]
[Result "0-1"]
[WhiteElo "2335"]
[BlackElo "2295"]

1.Nf3 d5 2.g3 Nf6 3.Bg2 e6 4.d3 Be7 5.O-O O-O 6.Nbd2 c5 7.e4 Nc6 8.Re1 Qc7
9.h4 b5 10.Nf1 Rd8 11.e5 Nd7 12.Bf4 b4 13.g4 a5 14.g5 a4 15.N1h2 a3 16.b3 Ba6
17.Bg3 Na7 18.h5 c4 19.d4 cxb3 20.cxb3 Rdc8 21.Qd2 Qc2 22.Qf4 Nb5 23.Rec1 Qb2
24.Re1 Nc3 25.g6 fxg6 26.hxg6 hxg6 27.Qg4 Nf8 28.Bh4 Ra7 29.Bf1 Bxf1 30.Nxf1 Nxa2
31.Reb1 Rc1 32.Nd2 Bxh4 33.Qxh4 Qxd2 34.Rxc1 Qxc1 35.Rxa2 Qb1  0-1

[Event "FRA-chT"]
[Site "FRA"]
[Date "1998.04.03"]
[Round "5"]
[White "Guadalpi, Celine"]
[Black "Cruz Lopez Claret, Carlos"]
[Result "0-1"]
[WhiteElo "2005"]
[BlackElo "2240"]

1.Nf3 d5 2.g3 c6 3.Bg2 Bg4 4.d3 e6 5.Nbd2 Bd6 6.O-O Ne7 7.h3 Bh5 8.b3 Nd7
9.Bb2 O-O 10.g4 Bg6 11.e4 a5 12.a3 b5 13.c4 Nc5 14.Qe2 bxc4 15.bxc4 Rb8 16.Be5 Bxe5
17.Nxe5 Qd6 18.f4 Rb2 19.Nxg6 Nxg6 20.e5 Qd7 21.Rab1 Rxb1 22.Nxb1 dxc4 23.dxc4 Qd4+
24.Qf2 Qxc4 25.Nd2 Qc3 26.Nb1 Qc4 27.Nd2 Qc2 28.Qd4 Nd3 29.Be4 Ngxf4 30.Qe3 g5
31.h4 h6 32.hxg5 hxg5 33.Rxf4 gxf4 34.Qh3 Qc1+  0-1

[Event "FRA-chT"]
[Site "FRA"]
[Date "1998.04.04"]
[Round "6"]
[White "Roos, Daniel"]
[Black "Magem Badals, Jorge"]
[Result "1/2-1/2"]
[WhiteElo "2430"]
[BlackElo "2535"]

1.g3 d5 2.Nf3 Bg4 3.Bg2 Nd7 4.c4 e6 5.Qa4 c6 6.cxd5 Bxf3 7.Bxf3 exd5 8.O-O h5
9.Nc3 h4 10.d4 hxg3 11.hxg3 f5 12.Bf4 Ngf6 13.Kg2 Kf7 14.Rh1 Rxh1 15.Rxh1 g6
16.Qc2 Bg7 17.e3 Qe7 18.Bg5 Qd6 19.Qb3 b6 20.Bf4 Qe6 21.Qa3 a5 22.Qd6 Qxd6
23.Bxd6 g5 24.a4 Ke6 25.Ba3 Rh8 26.Rc1 Bf8 27.Bxf8 Nxf8 28.Be2 Kd6 29.Bd3 f4
30.e4 dxe4 31.Nxe4+ Nxe4 32.Bxe4 c5 33.dxc5+ bxc5 34.Bf5 fxg3 35.fxg3 Rh6
36.Kf3 Rh2 37.Kg4 Rxb2 38.Kxg5 Rb4 39.Rd1+ Ke7 40.Re1+ Kf7 41.Re5 Rxa4 42.Rxc5 Ne6+
43.Bxe6+ Kxe6  1/2-1/2

[Event "FRA-chT"]
[Site "FRA"]
[Date "1998.04.05"]
[Round "7"]
[White "Roos, Daniel"]
[Black "Bricard, Emmanuel"]
[Result "1-0"]
[WhiteElo "2430"]
[BlackElo "2450"]

1.g3 d5 2.Nf3 c6 3.Bg2 Bg4 4.b3 Nd7 5.Bb2 e6 6.c4 Ngf6 7.O-O Bd6 8.d3 h5
9.cxd5 exd5 10.Nbd2 h4 11.e4 Qc7 12.e5 Nxe5 13.Bxe5 Bxe5 14.Qe1 Nd7 15.d4 hxg3
16.hxg3 f6 17.Qe3 O-O-O 18.dxe5 fxe5 19.Qg5 Be6 20.Rac1 Rdf8 21.Rfe1 e4 22.Nd4 Qb6
23.Qe3 Bh3 24.Bxh3 Rxh3 25.Kg2 Rh6 26.Nxe4 dxe4 27.Qxe4 Rhf6 28.Re2 Kb8 29.f4 a6
30.Rd1 Ka8 31.Ne6 Nc5 32.Qd4 Qb5 33.Nc7+  1-0

[Event "AUT-ch U18"]
[Site "Koestendorf"]
[Date "1998.04.10"]
[Round "7.1"]
[White "Pilaj, Herwig"]
[Black "Fuchs, Georg"]
[Result "1/2-1/2"]
[WhiteElo "2196"]
[BlackElo "2130"]

1.Nf3 d5 2.g3 c5 3.Bg2 Nc6 4.O-O Nf6 5.d3 e5 6.e4 Be7 7.exd5 Nxd5 8.Re1 f6
9.Nc3 Nc7 10.Nh4 Be6 11.f4 O-O 12.f5 Bf7 13.Be4 Qd7 14.g4 b5 15.Qf3 Nd4 16.Qg2 Rad8
17.Ng6 hxg6 18.fxg6 f5 19.gxf5 Nxf5 20.gxf7+  1/2-1/2

[Event "Dreifluesse op"]
[Site "Passau"]
[Date "1998.04.10"]
[Round "1"]
[White "Dunsbach, Ralf"]
[Black "Wilhelm, Michael"]
[Result "1-0"]
[WhiteElo "2225"]
[BlackElo "1850"]

1.Nf3 d5 2.g3 Nc6 3.d4 Nf6 4.Bg2 Bg4 5.O-O Qd7 6.Ne5 Nxe5 7.dxe5 Ng8 8.Qxd5 Qxd5
9.Bxd5 Bxe2 10.Bxb7 Bxf1 11.Bxa8 Bb5 12.Nc3 Bd7 13.Bg2 e6 14.Be3 a5 15.a4 Ne7
16.Nb5 Nf5 17.Nxc7+ Kd8 18.Bb6 Kc8 19.Nb5 Be7 20.Bxa5 Bxb5 21.axb5 Nd4 22.Bb6  1-0

[Event "Dreifluesse op"]
[Site "Passau"]
[Date "1998.04.10"]
[Round "2"]
[White "Hillgaertner, Walter"]
[Black "Koutsin, Sergey"]
[Result "0-1"]
[WhiteElo "2125"]
[BlackElo "2400"]

1.Nf3 d5 2.g3 Nf6 3.Bg2 g6 4.O-O Bg7 5.d3 O-O 6.Nbd2 d4 7.a4 Nc6 8.Nc4 Be6
9.Na3 Qd7 10.Re1 Rad8 11.Bd2 Bh3 12.Bh1 Nd5 13.Nc4 Rfe8 14.Qc1 e5 15.Ng5 Bg4
16.f3 Bf5 17.Ne4 b6 18.Nf2 Be6 19.Bg2 f6 20.c3 Nde7 21.b3 Nd5 22.cxd4 Nxd4
23.Rb1 c5 24.e3 Nc6 25.f4 exf4 26.gxf4 Ndb4 27.Bf1 Bf5 28.e4 Be6 29.Be3 Nd4
30.Bxd4 Qxd4 31.Qe3 Nc2 32.Qxd4 Nxd4 33.Bg2 Bh6 34.e5 Bxf4 35.Ne4 f5 36.Nf6+ Kg7
37.Nxe8+ Rxe8 38.Rb2 g5 39.Kh1 Kg6 40.Kg1 h5 41.Nd6 Re7 42.a5 b5 43.Nb7 Rc7
44.Nd8 g4 45.Nxe6 Nxe6 46.Bd5 Nd4 47.e6 Kf6 48.Rbe2 Re7 49.Kg2 Nxe2 50.Rxe2 Be5
51.Rc2 Bd6 52.b4 Rc7 53.bxc5 Rxc5 54.Rxc5 Bxc5 55.h3 Kg5 56.hxg4 hxg4 57.d4 Bd6
58.a6 f4 59.Bc6 b4  0-1

[Event "Dreifluesse op"]
[Site "Passau"]
[Date "1998.04.10"]
[Round "2"]
[White "Loesch, Yvonne"]
[Black "Euler, Gerd"]
[Result "0-1"]
[WhiteElo "2105"]
[BlackElo "2380"]

1.Nf3 d5 2.g3 Bg4 3.Bg2 Nd7 4.c4 e6 5.O-O c6 6.cxd5 exd5 7.d4 Bd6 8.Nc3 Ngf6
9.Bg5 h6 10.Bxf6 Nxf6 11.Qa4 O-O 12.b4 Ne4 13.Rfc1 a6 14.Qc2 Nxc3 15.Qxc3 Qe7
16.Qb2 Rae8 17.e3 Bxb4 18.Rcb1 Ba5 19.a4 Bf5 20.Rd1 f6 21.Nd2 Bxd2 22.Rxd2 Bc8
23.a5 Rf7 24.Bf1 g5 25.Bd3 Rg7 26.Qb1 Qf7 27.Bf5 Bxf5 28.Qxf5 Qe6 29.Qxe6+ Rxe6
30.Rb2 f5 31.Kg2 Kf8 32.Rab1 Ree7 33.Kf3 Ke8 34.h3 Rgf7 35.Ke2 Kd8 36.Kd3 Kc8
37.Re2 Re6 38.Rbe1 Kc7 39.f3 h5 40.Rb1 Rh6 41.Reb2 Kb8 42.Rg1 Ka7 43.h4 Rg7
44.Rh2 Rhg6 45.Ke2 g4 46.f4 Re6 47.Kd3 Rge7 48.Re2 Re4 49.Rc1 Kb8 50.Rc5 Kc7
51.Rc1 R4e6 52.Rb1 Re8 53.Rb3 Re4 54.Rc3 R4e7 55.Rb3 Re4 56.Rc3 b6 57.axb6+ Kxb6
58.Rc5 Kc7 59.Ra5 Kb7 60.Rc5 R4e6 61.Re1 Ka7 62.Ra5 Rb8 63.Rea1 Rb6 64.R1a3 Kb7
65.Kc2 Re8 66.Kd3 Ra8 67.Kc2 Rb5 68.Kc3 Kb6 69.R5a4 a5 70.Ra1 Ra6 71.R1a2 Ra7
72.R2a3 Rb7 73.Ra1 Re7 74.Re1 Re4 75.Raa1 c5 76.dxc5+ Kxc5  0-1

[Event "Dreifluesse op"]
[Site "Passau"]
[Date "1998.04.10"]
[Round "2"]
[White "Troyke, Christian"]
[Black "Ritz, Thomas"]
[Result "1/2-1/2"]
[WhiteElo "2400"]
[BlackElo "2115"]

1.g3 d5 2.Nf3 Nf6 3.Bg2 Bf5 4.O-O h6 5.c4 c6 6.b3 e6 7.Bb2 Nbd7 8.d3 Bd6
9.e4 Bg4 10.cxd5 cxd5 11.exd5 Nxd5 12.Bxg7 Rg8 13.Bd4 Nf4 14.Nbd2 Be5 15.Be3 Nxg2
16.Kxg2 Bxa1 17.Qxa1 Qa5 18.Qd4 Qd5 19.Qxd5 exd5 20.Bxh6 f6 21.Bf4 Kf7 22.h3 Bf5
23.d4 Rac8 24.g4 Be6 25.Re1 Rc3 26.Re2 Rc2 27.a4 Re8 28.Kg3 Rg8 29.Re3 Rc1  1/2-1/2

[Event "Budapest FS04 GM"]
[Site "Budapest"]
[Date "1998.04.11"]
[Round "8"]
[White "Csom, Istvan"]
[Black "Sherzer, Alex"]
[Result "0-1"]
[WhiteElo "2460"]
[BlackElo "2490"]

1.Nf3 d5 2.g3 Nf6 3.Bg2 Bg4 4.d3 Nbd7 5.Nbd2 e5 6.h3 Bh5 7.e4 c6 8.O-O Bd6
9.b3 O-O 10.Bb2 Re8 11.Qe2 Qa5 12.a3 Rad8 13.Rfe1 Qb6 14.Qf1 a5 15.Rab1 a4
16.b4 d4 17.c3 dxc3 18.Bxc3 Qc7 19.Nc4 Bxf3 20.Bxf3 b5 21.Nxd6 Qxd6 22.Be2 c5
23.bxc5 Nxc5 24.Rxb5 Nb3 25.Rb4 Rc8 26.Bb2 Rb8 27.Bc3 Rbc8 28.Bb2 Nd2 29.Qg2 Rc2
30.Bd1 Rcc8 31.Re3 Rb8 32.Bc3 Nb1 33.Be1 Nxa3 34.Rxb8 Rxb8 35.Bxa4 Rb1 36.Qf3 Qa6
37.Bd1 Nb5 38.Qf5 Rxd1 39.Qxe5 h6 40.Kg2 Qc6 41.Bb4 Rb1 42.Qe7 Nc7 43.Re1 Rb2
44.Ba3 Rc2 45.Qf8+ Kh7 46.Qxf7 Qc3 47.Bf8 Ne6 48.Re3 Qe5 49.Be7 Ng8 50.Ba3 Nd4
51.Bb4 Nc6 52.Bf8 Nd4 53.Bb4 Rc7 54.Qf8 Nc2 55.Rf3 Nxb4 56.Qxb4 Nf6 57.Qd2 Rd7
58.Qe3 Kg8 59.Rf5 Qc3 60.Rf3 Rd8 61.e5 Nd5 62.Qe4 Qc6 63.h4 Qe6 64.h5 Ne7
65.Re3 Nc6 66.Qc4 Qxc4 67.dxc4 Rd4 68.f4 Rxc4 69.Kh3 Kf7 70.Rd3 Nd4 71.Ra3 Ke6
72.Kg4 Nc6 73.Kh3 Kf5 74.Ra8 Nd4 75.Ra7 Ne6 76.Re7 Rc6 77.Kh4 Rc1 78.Rf7+ Ke4
79.Kg4 Rc7 80.Rxc7 Nxc7 81.Kh4 Kf5 82.Kh3 Ne6 83.Kh4 Nd4 84.Kh3 Ne2  0-1

[Event "Metz op"]
[Site "Metz"]
[Date "1998.04.11"]
[Round "7"]
[White "Markowski, Tomasz"]
[Black "Upton, Timothy J"]
[Result "1-0"]
[WhiteElo "2505"]
[BlackElo "2270"]

1.Nf3 d5 2.g3 Nf6 3.Bg2 e6 4.c4 Be7 5.d4 O-O 6.Nc3 b6 7.cxd5 exd5 8.O-O Bb7
9.Bf4 c6 10.Rc1 Nbd7 11.Qb3 Nh5 12.Bd2 Nhf6 13.Rfd1 c5 14.dxc5 Nxc5 15.Qc2 Nce4
16.Nxe4 Nxe4 17.Be3 Bc5 18.Bxc5 bxc5 19.Nd2 Nxd2 20.Rxd2 Qa5 21.b3 Rfd8 22.Rcd1 Rac8
23.Bxd5 Bxd5 24.Rxd5 Rxd5 25.Rxd5 h6 26.Kg2 a6 27.h4 Qa3 28.Rd3 Qb4 29.Rc3 Qb7+
30.Kg1 Qd5 31.Rc4 a5 32.Ra4 Ra8 33.Qe4 Qd8 34.Rc4 Rc8 35.Qe5 Qd2 36.h5 Qxa2
37.Rg4 Qb1+ 38.Kg2 Qh7 39.Qd5 Qc2 40.Qe5 Qh7 41.Qc3 Kh8 42.Rf4 f6 43.Qxa5 Qc2
44.Qb5 Rd8 45.Qc4 Qxc4 46.bxc4 Rd2 47.Kf3 Rc2 48.Ke3 Rc1 49.Kd2 Ra1 50.Rf5 Ra5
51.Kd3 Kg8 52.Ke4 Kf7 53.Kd5  1-0

[Event "Dreifluesse op"]
[Site "Passau"]
[Date "1998.04.11"]
[Round "3"]
[White "Heika, Martin"]
[Black "Derix, Bernhard"]
[Result "1-0"]
[WhiteElo "2265"]
[BlackElo "1965"]

1.Nf3 d5 2.g3 Nf6 3.Bg2 e6 4.O-O Nbd7 5.d3 b6 6.b3 Bb7 7.Bb2 Be7 8.Nbd2 O-O
9.Qe1 c5 10.e4 Rc8 11.h3 Rc7 12.e5 Ne8 13.Nh2 Qa8 14.f4 g6 15.Ng4 h5 16.Nf2 Ng7
17.g4 hxg4 18.hxg4 c4 19.bxc4 dxc4 20.Bxb7 Qxb7 21.Nxc4 Rd8 22.Ne4 b5 23.Ne3 Nc5
24.Nf6+ Bxf6 25.exf6 Ne8 26.Qh4 Nxd3 27.cxd3 Rxd3 28.Rae1 Qb6 29.Rf2  1-0

[Event "Dreifluesse op"]
[Site "Passau"]
[Date "1998.04.11"]
[Round "3"]
[White "Ritz, Thomas"]
[Black "Kuczynski, Robert"]
[Result "0-1"]
[WhiteElo "2115"]
[BlackElo "2485"]

1.Nf3 d5 2.g3 c6 3.Bg2 Bg4 4.O-O Nd7 5.d4 Ngf6 6.Nbd2 e6 7.b3 Bd6 8.Bb2 O-O
9.Ne5 Bf5 10.c4 Qe7 11.Re1 Rad8 12.Qc1 h6 13.Nxd7 Qxd7 14.e4 dxe4 15.Nxe4 Nxe4
16.Bxe4 Bxe4 17.Rxe4 Be7 18.Qc2 Bf6 19.Rd1 Qc7 20.Re2 Qa5 21.Bc3 Qh5 22.Qe4 Rd7
23.Red2 Rfd8 24.Kg2 Qf5 25.f3 g6 26.h3 Bg7 27.Qe3 Qg5 28.f4 Qf5 29.g4 Qf6
30.g5 Qf5 31.Kg3 Kh7 32.b4 b5 33.gxh6 Bxh6 34.cxb5 cxb5 35.Qe5 Rd5 36.Qxf5 Rxf5
37.Rf2 Bf8 38.a3 Bd6 39.Kg4 Kg8 40.h4 Kf8 41.Ra1 Bc7 42.Rf3 Bb6 43.Rd1 Rfd5
44.Rfd3 Ke7 45.Kf3 Kd6 46.Be1 Rc8 47.Bf2 Rh5 48.Re1 Rd5 49.Rg1 Bd8 50.Bg3 Kd7
51.Rh1 Bf6 52.Bf2 Rc2 53.Rhd1 Kd6 54.Bg3 Kc6 55.Bf2 Rh5 56.d5+ Rxd5 57.Bxa7 Rxd3+
58.Rxd3 Rc3 59.Rxc3+ Bxc3 60.Ke4 Bb2 61.Bc5 Bxa3 62.h5 gxh5 63.f5 exf5+ 64.Kxf5 Kd5
65.Kf6 h4 66.Kxf7 h3 67.Bg1 Bxb4 68.Kf6 Bd6  0-1

[Event "Budapest FS04 GM"]
[Site "Budapest"]
[Date "1998.04.12"]
[Round "9"]
[White "Schebler, Gerhard"]
[Black "Estrada Nieto, Julian"]
[Result "1-0"]
[WhiteElo "2450"]
[BlackElo "2395"]

1.Nf3 d5 2.g3 Nf6 3.Bg2 e6 4.O-O Be7 5.c4 O-O 6.d4 dxc4 7.Qc2 a6 8.Qxc4 b5
9.Qc2 Bb7 10.Bf4 Nd5 11.Nc3 Nxf4 12.gxf4 Nc6 13.Rfd1 Nb4 14.Qb3 Nd5 15.e3 Nxc3
16.Qxc3 Bd6 17.Rac1 Qe7 18.Ng5 Bxg2 19.Qc2 g6 20.Kxg2 e5 21.dxe5 Bxe5 22.Qe4 Bd6
23.Qxe7 Bxe7 24.Rxc7 Bxg5 25.fxg5 Rfd8 26.Ra7 Rxa7 27.Rxd8+ Kg7 28.Rd6 b4
29.Rb6 a5 30.b3 h6 31.h4 hxg5 32.hxg5 Kf8 33.Kg3 Ke7 34.f4 Kd7 35.e4 Kc7
36.Rf6 Kd8 37.Rd6+ Kc7 38.e5 a4 39.Rd4 axb3 40.axb3 Rb7 41.f5 gxf5 42.Kf4 Kc6
43.Kxf5 Kc5 44.Rd3 Re7 45.Kf6 Re6+ 46.Kxf7 Rxe5 47.g6 Rf5+ 48.Ke6 Rg5 49.Kf6 Rg1
50.g7  1-0

[Event "Dreifluesse op"]
[Site "Passau"]
[Date "1998.04.12"]
[Round "5"]
[White "Quabach, Juergen"]
[Black "Mueller, Georg"]
[Result "0-1"]
[WhiteElo "1830"]
[BlackElo "2065"]

1.Nf3 d5 2.g3 Nc6 3.d3 e5 4.Nbd2 Nf6 5.e4 dxe4 6.dxe4 Bc5 7.Bg2 O-O 8.O-O h6
9.c3 Bb6 10.Qc2 Be6 11.b3 Re8 12.Ba3 Qc8 13.Rad1 a6 14.Nc4 Bxc4 15.bxc4 Qe6
16.Rd5 Qg4 17.c5 Ba7 18.Nh4 Nxd5 19.exd5 Na5 20.h3 Qc4 21.Qf5 e4 22.Bb4 Bxc5
23.Bxa5 b6 24.Bb4 Bxb4 25.cxb4 Qxb4 26.Rc1 Qe7 27.Rc6 Rad8 28.Qg4 Rxd5 29.Nf5 Qg5
30.Qxg5 hxg5 31.Ne3 Ra5 32.Rxc7 Rxa2 33.Rc4 Ra1+ 34.Kh2 Ra2 35.Bxe4 Rxf2+
36.Ng2 b5 37.Rc6 Rxe4  0-1